Stations de la ligne T4 du tramway francilien sur une carte - Statistiques

Statistiques générales
  • Ce quiz a été pris 89 fois
  • Le résultat moyen est 14 sur 20
Réponses sur la Carte
Les réponses sont colorées sur une échelle allant du rouge au vert en fonction du pourcentage des utilisateurs qui les ont devinées à leur premier essai. Vous pouvez retrouver ces pourcentages ci-dessous.
 
Statistiques - réponses
Arrêt % Correct
Aulnay-sous-Bois
98%
Bondy
94%
Hôpital de Montfermeil
91%
Gargan
87%
Clichy - Montfermeil
76%
La Remise à Jorelle
74%
Les Pavillons-sous-Bois
74%
Freinville - Sevran
72%
Allée de la Tour - Rendez-Vous
70%
Arboretum
70%
Les Coquetiers
70%
Clichy-sous-Bois - Mairie
69%
Lycée Henri Sellier
69%
Rougemont - Chanteloup
69%
République - Marx Dormoy
65%
L'Abbaye
63%
Léon Blum - Collège Louise Michel
63%
Maurice Audin
52%
Notre-Dame des Anges
52%
Romain Rolland - La Chapelle
52%
Aucun quiz correspondant
Distribution des résultats
% des personnes avec chaque résultat
Percentile par nombre de réponses
Votre historique - résultats
Vous n’avez pas pris ce quiz